Proces obchodovania v prostredí Elektronického kontraktačného systému v SR bakalárska práca

Gespeichert in:
Bibliographische Detailangaben
1. Verfasser: Kotuľak, Lukáš
Körperschaft: Fakulta hospodárskej informatiky EU. Katedra aplikovanej informatiky
Weitere Verfasser: Ondrejková, Anna
Format: Buch
Sprache:Slowakisch
Veröffentlicht: Bratislava 2017
Tags: Tag hinzufügen
Keine Tags, Fügen Sie das erste Tag hinzu!

MARC

LEADER 00000nbm a2200000 4500
001 0233156
005 20180413145210.5
041 0 |a slo 
044 |a SK 
245 1 0 |a Proces obchodovania v prostredí Elektronického kontraktačného systému v SR  |b bakalárska práca  |c Lukáš Kotuľak ; školiteľ: Anna Ondrejková 
264 1 |a Bratislava  |c 2017 
300 |a 50 s. 
100 1 |a Kotuľak, Lukáš 
700 1 |a Ondrejková, Anna 
710 2 |a Fakulta hospodárskej informatiky EU. Katedra aplikovanej informatiky